| 000 | 00851nas a2200277 4500 | ||
|---|---|---|---|
| 001 | BR9903933 | ||
| 003 | BR-BrBNA | ||
| 005 | 20231205101530.0 | ||
| 007 | ta | ||
| 008 | 230509b bl.|||p| |||| 00| 00por d | ||
| 040 |
_aBR-BrBNA _bpor _cBiblioteca Nacional de Agricultura |
||
| 041 | _a(Pt) | ||
| 072 | _aL70 | ||
| 100 | 1 | _aSilva, P.R. de M. | |
| 100 | 1 | _aQuesada, A.M. | |
| 100 | 1 | _aFreitas, M.V. de M. | |
| 245 | 1 | _aConduta adotada por balconistas de farmacias veterinarias frente a casos relatados de mastite bovina | |
| 650 | _aBovino | ||
| 650 | _aMamite | ||
| 650 | _aVeterinaria | ||
| 650 | _aAntibiotico | ||
| 650 | _aFarmacia | ||
| 773 | 0 |
_tRevista Brasileira de Medicina Veterinaria (Brazil) _xISSN 0100-2430 _g(Mar-Apr 1999), v. 21(2) p. 65-68 _wBR9903933 |
|
| 909 |
_a202311 _bLúcia _c55 _dLúcia Elande |
||
| 942 |
_2AGRIS _n0 _cANA |
||
| 999 |
_c162358 _d162358 |
||